Loading...

Economic sociology : an introduction /

Providing a comprehensive overview of economic organisation and practice in developed and developing countries, this text also systematises insights of economic sociology, and contrasts it with economic theory, to show accomplishments as well as weaknesses and work remaining.

Bibliografiske detaljer
Hovedforfatter: Hass, Jeffrey Kenneth
Format: Printed Book
Udgivet: London ; New York : Routledge, 2007.
Fag:
LEADER 00989cam a22002174a 4500
020 |a 0415392217 (hardcover) 
020 |a 9780415392211 (hardcover) 
020 |a 0415392225 (softcover) 
020 |a 9780415392228 (softcover) 
020 |a 0203087313 (ebk) 
020 |a 9780203087312 (ebk) 
082 0 0 |a 306.3 
100 1 |a Hass, Jeffrey Kenneth, 
245 1 0 |a Economic sociology :  |b an introduction / 
260 |a London ;  |a New York :  |b Routledge,  |c 2007. 
300 |a xiv, 252 p. : 
520 |a Providing a comprehensive overview of economic organisation and practice in developed and developing countries, this text also systematises insights of economic sociology, and contrasts it with economic theory, to show accomplishments as well as weaknesses and work remaining. 
650 0 |a Economics 
942 |c BK 
999 |c 99283  |d 99283 
952 |0 0  |1 0  |4 0  |6 306_300000000000000_HAS  |7 0  |9 92513  |a SSS  |b SSS  |c GEN  |d 2012-02-07  |g 495.00  |l 10  |m 2  |o 306.3 HAS  |p SSS06862  |r 2016-08-05  |s 2016-07-01  |w 2016-10-27  |y BK